THE ART OF 3D COMPUTER ANIMATION AND EFFECTS (Record no. 34667)

MARC details
000 -LEADER
fixed length control field 00327nam a22001457a 4500
003 - CONTROL NUMBER IDENTIFIER
control field SGT
020 ## - INTERNATIONAL STANDARD BOOK NUMBER
International Standard Book Number 9780470084908
082 ## - DEWEY DECIMAL CLASSIFICATION NUMBER
Classification number 741.3
Item number KER
100 ## - MAIN ENTRY--PERSONAL NAME
Personal name KERLOW ISAAC
245 ## - TITLE STATEMENT
Title THE ART OF 3D COMPUTER ANIMATION AND EFFECTS
250 ## - EDITION STATEMENT
Edition statement 4TH
260 ## - PUBLICATION, DISTRIBUTION, ETC. (IMPRINT)
Place of publication, distribution, etc CANADA
Name of publisher, distributor, etc WILEY PUB
Year of Publication 2008
300 ## - PAGE DESCRIPTION
No. of Pages 499
942 ## - ADDED ENTRY ELEMENTS (KOHA)
Source of classification or shelving scheme Dewey Decimal Classification
Koha item type Books
Holdings
Withdrawn status Lost status Source of classification or shelving scheme Damaged status Not for loan Home library Current library Shelving location Date acquired Vendor Name Cost, normal purchase price SGTU Bill Number Total Checkouts Full call number Accession No. (Barcode) Date last seen Bill Date Koha item type
    Dewey Decimal Classification   Not For Loan SGT Science & Social Sciences Library SGT Science & Social Sciences Library Reference Book 25/04/2026 ZAFAA BOOKS 7025.54 SGTU ZBD-2026-27-0010   741.3 KER FF932 25/04/2026 10/04/2026 Books